|
|
|
|
| LEADER |
01486nam a2200349 a 4500 |
| 001 |
36692 |
| 003 |
BD-DhAAL |
| 005 |
20191127102958.0 |
| 008 |
191127t1987 maua b 001 0 eng |
| 999 |
|
|
|c 41914
|d 41914
|
| 010 |
|
|
|a 86020039
|
| 020 |
|
|
|a 0262100355 (hard)
|
| 020 |
|
|
|a 0262600145 (pbk.)
|
| 040 |
|
|
|a DLC
|c DLC
|d DLC
|d BD-DhAAL
|
| 041 |
1 |
|
|a engfre
|
| 050 |
0 |
0 |
|a HD2326
|b .J313 1987
|
| 082 |
0 |
0 |
|a 338.6
|2 19
|
| 100 |
1 |
|
|a Jacquemin, Alex.
|9 37741
|
| 240 |
1 |
0 |
|a Sélection et pouvoir dans la nouvelle économie industrielle.
|l English
|
| 245 |
1 |
4 |
|a The new industrial organization :
|b market forces and strategic behavior /
|c Alexis Jacquemin ; translated by Fatemeh Mehta.
|
| 260 |
|
|
|a Cambridge, Mass. :
|b MIT Press,
|c c1987.
|
| 300 |
|
|
|a x, 217 pages :
|b illustrations ;
|c 20 cm.
|
| 500 |
|
|
|a Translation of: Sélection et pouvoir dans la nouvelle économie industrielle.
|
| 504 |
|
|
|a Includes bibliographies and index.
|
| 526 |
|
|
|a ESS
|
| 541 |
|
|
|a Complimentary copy from Professor Dr. Nasreen Khundker.
|e 36692
|
| 650 |
|
0 |
|a Industrial organization (Economic theory)
|x Economics
|9 37742
|
| 650 |
|
0 |
|a Oligopolies.
|9 37743
|
| 650 |
|
0 |
|a Barriers to entry (Industrial organization)
|9 37744
|
| 852 |
|
|
|a Ayesha Abed Library
|c General Stacks
|
| 942 |
|
|
|2 ddc
|c BK
|
| 952 |
|
|
|0 0
|1 0
|2 ddc
|4 0
|6 338_600000000000000_JAC
|7 0
|9 67303
|a BRACUL
|b BRACUL
|c GEN
|d 2019-11-27
|e Complimentary copy from Professor Dr. Nasreen Khundker.
|l 0
|o 338.6 JAC
|p 3010036692
|r 2019-11-27
|t 1
|w 2019-11-27
|y BK
|